Classification of a Funerary Model: The Rendering of Accounts Theme /
The three-dimensional funerary models housed in burial chambers of the late Old Kingdom to the end of the Middle Kingdom display a number of similarities with the so-called scenes of daily life on tomb-chapel walls. A comparison of the two media can help to classify otherwise unidentifiable artworks...
المؤلف الرئيسي:
التنسيق: كتاب
اللغة: Undetermined
الوصول للمادة أونلاين: Login to view Source
الوسوم: إضافة وسم
رقم الطلب:
| LEADER | 01081nam a2200109Ia 4500 | ||
|---|---|---|---|
| 008 | 220712s9999||||xx |||||||||||||| ||und|| | ||
| 100 | 1 | |a Barker, Georgia. | |
| 245 | 1 | 0 | |a Classification of a Funerary Model: The Rendering of Accounts Theme / |c Georgia Barker. |
| 520 | 3 | |a The three-dimensional funerary models housed in burial chambers of the late Old Kingdom to the end of the Middle Kingdom display a number of similarities with the so-called scenes of daily life on tomb-chapel walls. A comparison of the two media can help to classify otherwise unidentifiable artworks. One such model, housed in the Musée des Beaux-Arts de Lyon, displays many parallels with scenes depicting the theme of the rendering of accounts. This article examines these similarities in order to determine if the model should rightly be understood as a representation of this theme. http://dx.doi.org/10.5913/jarce.55.2019.a001 | |
| 856 | 4 | |u https://lockwoodonlinejournals.com/index.php/jarce/workflow/access/401 | |
| 952 | |0 0 |1 0 |4 0 |7 1 |9 42398 |a JARCE |b JARCE |d 2022-08-09 |l 0 |r 2022-08-09 00:00:00 |w 2022-08-09 |y PT | ||
| 999 | |c 49161 |d 49161 | ||
